000 01225nam a22003137a 4500
005 20240530110438.0
008 150329s2010 su bdeog b 00| 0 ara d
017 _a1431/7520
_bالسعودية . مكتبة الملك فهد
020 _a9786035030397
040 _aEG-CaGPL
082 0 4 _221
_a215.95312\
_bس أ
100 0 _aسامى بن عبدالله بن احمد المغلوث
245 1 0 _aاطلس الحج والعمرة :
_bتأريخا وفقها /
_cتاليف وتصميم سامى بن عبدالله بن احمد المغلوث
250 _aط1
260 _aالرياض :
_bمكتبة العبيكان ،
_c2010
300 _a352 ص :
_bايض ؛
_c30 سم
504 _aيشتمل على ارجاعات ببليوجرافية
650 0 4 _aالاطالس
650 0 4 _aالاحرام
650 0 4 _aالعمرة
650 0 4 _aالحج
_xالخروج من منى والوقوف بعرفة
650 0 4 _aالطواف بالكعبة
650 0 4 _aالسعى بين الصفا والمروة
650 0 4 _aطواف الوداع
650 0 4 _aالحج
_xمناسك
651 0 4 _aمكة المكرمة
_vالخرائط
942 _2ddc
_cBK
999 _c60989
_d60989